Belgrave Line (Melbourne Train Network) - Statistics

General Stats
  • This quiz has been taken 181 times
    180 since last reset
  • The average score is 23 of 27
Answer Stats
# Answer % Correct
1 Belgrave
99%
26 East Richmond
94%
27 Richmond
94%
9 Ringwood
94%
21 Camberwell
93%
24 Hawthorn
92%
5 Ferntree Gully
90%
4 Upper Ferntree Gully
90%
15 Box Hill
89%
25 Burnley
88%
23 Glenferrie
88%
13 Blackburn
85%
20 East Camberwell
85%
11 Mitcham
85%
12 Nunawading
85%
2 Tecoma
85%
19 Canterbury
84%
17 Surrey Hills
84%
22 Auburn
83%
6 Boronia
83%
14 Laburnum
83%
16 Mont Albert
82%
10 Heatherdale
80%
18 Chatham
79%
3 Upwey
79%
7 Bayswater
75%
8 Heathmont
74%
No matching quizzes found
Score Distribution
Percent of People with Each Score
Percentile by Number Answered
Your Score History
You have not taken this quiz since the last reset